Applications de A à Z - Statistiques

Statistiques générales
  • Ce quiz a été pris 1 697 fois
  • Le résultat moyen est 16 sur 26
Statistiques - réponses
Lettres Indices Applications % Correct
N Films / Séries Netflix
93%
I Meta / Réseau Social Instagram
90%
F Meta / Réseau Social Facebook
89%
G Email - Android Gmail
87%
S Réseau social / Story Snapchat
87%
D Musique Deezer
86%
T Trends / Musique / Vidéos TikTok
84%
C Intelligence Artificielle ChatGPT
82%
V Achat / Revente Vinted
82%
X Réseau social / Musk X
78%
Y Réseau social / Vidéos Youtube
78%
U Transport / Repas Uber
77%
M Messagerie Messenger
73%
W Messagerie WhatsApp
70%
A Films / Séries Amazon Prime
64%
Z Shopping / Vêtements Zalando
62%
E Achat / Vente eBay
61%
B Réseau social / Photos Bereal
54%
R Banque en ligne Revolut
51%
L Achat / Vente Leboncoin
43%
O Navigateur Opéra
38%
K Live / Streaming Kick
26%
H Jeux - Supercell Hay Day
23%
Q Flashcodes / Scanner QR Codes Scanner
18%
P Jeux / Nintendo Pokémon GO
16%
J Shopping Joom
7%
Aucun quiz correspondant
Distribution des résultats
% des personnes avec chaque résultat
Percentile par nombre de réponses
Votre historique - résultats
Vous n’avez pas pris ce quiz